Mixed Word: Goodbye Quiz Stats

Quiz Updated Oct 19, 2016

Also try: Hello, Goodbye
Challenge
Share
Tweet
Embed
Score 0/14 Timer 02:00
1 Play Today
Hint Answer % Correct
OS OLGNSO LONG
96.7%
AICOCIAO
91.9%
STAAH AL VASTIHASTA LA VISTA
90.8%
ELWFAERLFAREWELL
90.5%
NOB GAYOVEBON VOYAGE
89.2%
ATLRELATER
88.6%
CAPEE TOUPEACE OUT
81.9%
Hint Answer % Correct
IODSAADIOS
79.5%
UA VROIERAU REVOIR
77.1%
EECRIOHCHEERIO
72.7%
UDEIAADIEU
70%
ROANYAASSAYONARA
68.7%
SLOTDOETOODLES
34.2%
FUA EIWNEHESERDAUF WIEDERSEHEN
31.2%

You're not logged in!

Compare scores with friends on all Sporcle quizzes.
Sign Up with Email
OR
Log In

You Might Also Like...

Show Comments

Extras

Top Quizzes Today


Score Distribution

Your Account Isn't Verified!

In order to create a playlist on Sporcle, you need to verify the email address you used during registration. Go to your Sporcle Settings to finish the process.